00824nam a2200241 a 450000100100000000500170001000800410002704000250006808200200009310000200011324501150013326000380024830000200028649000130030650000670031965000240038665000270041070000260043770000340046370000290049770000430052683000130056900001616020240412074245.0100226s1997 xxu 001 j spa d aDO-SdBNPbspacBNPHU aRD863.44bM516c1 aMejía, Miriam10aCrisalida /cMiriam Mejía; prólogo Nita Adames, Graciela de la Cruz, Venecia Pineda, Ángela Hernández. aEstados Unidos :b[s. n.],c1997. a69 p. ;c22 cm.1 aUniverso aIncluye datos biográficos de la autora en la contracubierta. 0aCuentos dominicanos 0aLiteratura dominicana.1 aAdames, Nitaepról.1 aCruz, Graciela de laepról.1 aPineda, Veneciaepról.1 aHernández, Ángela,d1954-epról. 0aUniverso